| 000 | 00476 a2200157 4500 | ||
|---|---|---|---|
| 999 |
_c4538 _d4538 |
||
| 020 | _a9780521429689 | ||
| 050 | _aP 53 NUN 1992 | ||
| 100 |
_aNunan, David _eauthor |
||
| 245 |
_aResearch methods in language learning / _cDavid Nunan |
||
| 264 |
_aNew York: _bCambridge University Press, _c1992 |
||
| 300 |
_axii, 249p. : _bill. ; |
||
| 440 | _aCambridge language teaching library | ||
| 500 | _aIncludes index | ||
| 650 | _aLanguage and languages | ||
| 942 |
_2lcc _cBK _h53 _iNUN _kP |
||